Paesi più vicini alla Bolivia - Morte improvvisa - Statistics

Statistiche generali
  • Questo quiz è stato fatto 22 volte
  • Il punteggio medio è 10 su 15
Answers on the Grid
Answers color-coded by a green-red scale on the quiz's grid according to % correct below.
Argentina
Brasile
Cile
Paraguay
Perù
Colombia
Uruguay
Venezuela
Ecuador
Guyana
Suriname
Panama
Trinidad e Tobago
Grenada
Saint Vincent e Grenadine
Barbados
Saint Lucia
Dominica
Antigua e Barbuda
Saint Kitts e Nevis
Repubblica Dominicana
Haiti
Cuba
Bahamas
Giamaica
Costa Rica
Nicaragua
Guatemala
El Salvador
Honduras
 
Statistiche sulle risposte
Risposta % Corretto
Brasile
95%
Cile
95%
Paraguay
84%
Perù
84%
Venezuela
84%
Argentina
79%
Colombia
79%
Ecuador
79%
Uruguay
79%
Suriname
68%
Guyana
63%
Panama
53%
Trinidad e Tobago
26%
Grenada
11%
Saint Vincent e Grenadine
11%
Nessun quiz corrispondente trovato
Distribuzione punteggi
Percentuale di utenti per punteggio
Percentile per numero di risposta
I tuoi punteggi nel tempo
Non hai fatto questo quiz